00887cam a2200277 i 450000100090000000300040000900500170001300800410003001000170007102000180008804000230010604200150012905000220014413000270016624500350019324600350022826000400026326000500030330000480035350000570040154600150045863000210047365000280049471000440052271000430056622131666OSt20240103145027.0210714s2019 ke a 000 0 bnt  a 2021315417 a9789966483591 aDLCbengerdacDLC apccalcode00aBS325b.S225 20190 aBible.lSaamia.f2019.00aEbbaibbo :bemboosi ya Nasaae 14aEbbaibbo :bemboosi ya Nasaae  aNairobi : bBible Society of Kenya, aKamplala : bBible Society of Uganda, c2019. a1129, 370, pages :billustrations ;c22 cm a"The Bible in Lusamia"--Title page verso. [Africana] aIn Saamia. aBible. lSaamia. 0aSaamia languagevTexts.2 aBible Society of Uganda,eissuing body.2 aBible Society of Kenya,eissuing body.